O grande desafio (Record no. 64210)

MARC details
000 -LÍDER
campo de controle de tamanho fixo 00335 a2200157 4500
001 - NÚMERO DE CONTROLE
campo de controle 64210
020 ## - ISBN - INTERNATIONAL STANDARD BOOK NUMBER
ISBN - International Standard Book Number 9788508134847
040 ## - FONTE DA CATALOGAÇÃO
Instituição que transcreveu o registro Anchieta - Pituba
100 ## - ENTRADA PRINCIPAL--NOME PESSOAL
Nome pessoal Bandeira, Pedro
240 10 - TÍTULO UNIFORME
Título uniforme O grande desafio
Idioma da obra por
245 10 - TÍTULO
Título O grande desafio
300 ## - DESCRIÇÃO FÍSICA
Extensão 160
362 0# - DATAS DE PUBLICAÇÃO E/OU DESIGNAÇÃO SEQUENCIAL
Datas de publicação e/ou designação sequencial 2010
650 #4 - ASSUNTO--TERMO TÓPICO
Cabeçalho tópico ou nome geográfico Literatura juvenil
942 ## - ELEMENTOS DE ENTRADA ADICIONADOS (KOHA)
Tipo de material Koha Livros
Holdings
Situação do descarte Situação das perdas Situação física Não pode ser emprestado Biblioteca de origem Biblioteca atual Data de aquisição Total de empréstimos Número de chamada completo Código de barras Data de último acesso Data do preço efetivo Tipo de material Koha Fonte da classificação ou esquema de arquivamento na estante Nota pública
        Colégio Anchieta - Pituba Colégio Anchieta - Pituba 21/11/2023   LJ 028.5 B214g BAN GRA 17945/PIT 21/11/2023 21/11/2023 Livros    
        Novo Tempo - Aureliano São José Novo Tempo - Aureliano São José 03/05/2024     nt291 03/05/2024 03/05/2024 Livros Classificação Decimal de Dewey estante azul
        Novo Tempo - Aureliano São José Novo Tempo - Aureliano São José 03/05/2024     nt292 03/05/2024 03/05/2024 Livros Classificação Decimal de Dewey estante azul
        Novo Tempo - Aureliano São José Novo Tempo - Aureliano São José 03/05/2024     nt293 03/05/2024 03/05/2024 Livros Classificação Decimal de Dewey estante azul
        Novo Tempo - Aureliano São José Novo Tempo - Aureliano São José 12/07/2024     fm135 12/07/2024 12/07/2024 Livros Classificação Decimal de Dewey FD2/EM